000 00667nam a2200181Ia 4500
008 090124s9999 xx 000 0 und d
082 _b45229
100 _aपांडे सुरुचि
245 _a संस्कृत साहित्याचा इतिहास भाग 5
250 _a1
260 _c2003
300 _a85
600 _aपांडे सुरुचि
630 _a संस्कृत साहित्याचा इतिहास भाग 5
700 _aपांडे सुरुचि
730 _a संस्कृत साहित्याचा इतिहास भाग 5
942 _cBOOK
999 _c111459
_d111459